Guess the Fashion Brand based on one Random Runway Look! - Statistics

General Stats
  • This quiz has been taken 57 times
  • The average score is 7 of 16
Answer Stats
Picture Answer % Correct
Chanel
93%
Dior
78%
Gucci
68%
Yves Saint Laurent
68%
Versace
66%
Dolce&Gabbana
56%
Louis Vuitton
54%
Miu Miu
37%
Hermès
34%
Valentino
34%
Ralph Lauren
32%
Alexander McQueen
22%
Celine
22%
Paco Rabanne
17%
Mulberry
0%
Zimmermann
0%
No matching quizzes found
Score Distribution
Percent of People with Each Score
Percentile by Number Answered
Your Score History
You have not taken this quiz